000 01160nac a22003257a 4500
001 BR0304881
003 BR-BrBNA
005 20240105122906.0
008 230509b bl.|||m| |||| 00| 0 por d
040 _aBR-BrBNA
_bpor
_cBiblioteca Nacional de Agricultura
072 _aH10
090 _a4020 BR0304881
100 1 _aCastro, M.E.B. de
100 1 _aMelo, A.A.M.
100 1 _aPontes, A.R. de M.
110 1 _aEMBRAPA Recursos Genéticos e Biotecnologia, Brasília, DF (Brasil)
245 1 _aAnálise por microscopia de luz e eletrônica de transmissão de intestino médio de larvas de Anticarsia gemmatalis tratadas com nucleopoliedrovirus de Anticarsia gemmatalis e ácido bórico
260 3 _aBrasília, DF (Brasil):
_c1999.
300 _a3 p.
490 _aPesquisa em Andamento - EMBRAPA Recursos Genéticos e Biotecnologia (Brazil)
_vno. 20
_xISSN 0103-2899
500 _a7 ref.
650 _aLAGARTA
650 _aLARVA
650 _aMICROSCOPIA ELETRÔNICA
650 _aBACULOVÍRUS
650 _aÁCIDO BÓRICO
650 _aCONTROLE BIOLÓGICO
909 _a202312
_bLúcia Elande
_c55
_dLúcia Elande
942 _2AGRIS
_n0
_cMS
999 _c293213
_d293213